[Event "CZE-ch Seniors 65"]
[Site "Olomouc"]
[Date "2023.08.18"]
[Round "8"]
[White "Sveda, Jiri"]
[Black "Lexa, Vaclav"]
[Result "1/2-1/2"]
[WhiteElo "1880"]
[BlackElo "1767"]
[PlyCount "79"]
[EventDate "2023.08.12"]
[EventType "swiss"]
[EventRounds "9"]
[EventCountry "CZE"]
[SourceTitle "EXT 2024"]
[Source "ChessBase"]
[SourceDate "2023.10.10"]
[SourceVersion "1"]
[SourceVersionDate "2023.10.10"]
[SourceQuality "1"]

1. e4 c6 2. c4 d5 3. exd5 cxd5 4. cxd5 Nf6 5. Bb5+ Bd7 6. Qb3 a6 7. Bxd7+ Qxd7 8. Nc3 Qc7 9. d4 Nbd7 10. Nge2 Rc8 11. 0-0 Qb6 12. Qa4 e6 13. dxe6 Qxe6 14. Nf4 Qc4 15. Re1+ Kd8 16. Qxc4 Rxc4 17. Be3 Bb4 18. Rec1 Bxc3 19. Rxc3 Rxc3 20. bxc3 b5 21. a4 Ke7 22. axb5 axb5 23. f3 g5 24. Nd3 h6 25. Ra7 Rc8 26. Nc5 Kd6 27. Nxd7 Nxd7 28. Bd2 f6 29. Kf2 h5 30. h3 Nb6 31. Ra6 Rc6 32. Ke2 Kd5 33. Kd3 Re6 34. g4 hxg4 35. hxg4 Kc6 36. Ra7 Nc4 37. Rf7 Nb2+ 38. Kc2 Nc4 39. Kd3 Nb2+ 40. Kc2 1/2-1/2

[Event "Olomouc Seniors op"]
[Site "Olomouc"]
[Date "2022.08.15"]
[Round "4"]
[White "Musil, Vitezslav"]
[Black "Lexa, Vaclav"]
[Result "1/2-1/2"]
[WhiteElo "1857"]
[BlackElo "1741"]
[PlyCount "56"]
[EventDate "2022.08.13"]
[EventType "swiss"]
[EventRounds "9"]
[EventCountry "CZE"]
[SourceTitle "CBM 209 Extra"]
[Source "ChessBase"]
[SourceDate "2022.09.30"]
[SourceVersion "1"]
[SourceVersionDate "2022.09.30"]
[SourceQuality "1"]

1. e4 c6 2. Nc3 d5 3. Nf3 Bg4 4. h3 Bxf3 5. Qxf3 dxe4 6. Nxe4 Nf6 7. Bc4 Nbd7 8. Nxf6+ Nxf6 9. 0-0 e6 10. c3 Bd6 11. d4 Nd5 12. Bb3 h6 13. c4 Ne7 14. Bc2 Bc7 15. Bf4 Bxf4 16. Qxf4 Rc8 17. Rad1 Qc7 18. Qg4 0-0 19. h4 Qa5 20. Bb1 Rcd8 21. Rfe1 Nf5 22. Qe4 h5 23. g3 g6 24. Re2 Qb6 25. Red2 Rd7 26. c5 Qc7 27. Qf3 Rfd8 28. Bxf5 exf5 1/2-1/2

[Event "Prague Menchik Memorial Rapid"]
[Site "Prague"]
[Date "2021.09.28"]
[Round "1"]
[White "Eret, Matous"]
[Black "Lexa, Vaclav"]
[Result "1-0"]
[WhiteElo "2265"]
[BlackElo "1796"]
[PlyCount "63"]
[EventDate "2021.09.28"]
[EventType "swiss (rapid)"]
[EventRounds "9"]
[EventCountry "CZE"]
[SourceTitle "CBM 204 Extra"]
[Source "ChessBase"]
[SourceDate "2021.11.30"]
[SourceVersion "1"]
[SourceVersionDate "2021.11.30"]
[SourceQuality "1"]

1. e4 c6 2. Nf3 d5 3. Nc3 dxe4 4. Nxe4 Bg4 5. Bc4 e6 6. d4 Nf6 7. Bg5 Be7 8. Bxf6 Bxf6 9. c3 Nd7 10. Nd6+ Ke7 11. Ne4 Re8 12. Qc2 Bxf3 13. gxf3 g6 14. h4 h5 15. 0-0-0 Nb6 16. Bd3 Nd5 17. Rhg1 Bg7 18. Qb3 Qb6 19. Qa3+ Kd8 20. Ng5 Qc7 21. Kb1 a6 22. c4 Nf4 23. Be4 Qe7 24. Qa5+ Kc8 25. d5 exd5 26. cxd5 f5 27. d6 Qd7 28. Bc2 Nd5 29. Rxd5 cxd5 30. Ba4 Qd8 31. d7+ Kb8 32. dxe8Q 1-0

[Event "Prague Menchik Memorial rapid"]
[Site "Prague"]
[Date "2018.06.10"]
[Round "1"]
[White "Kozusek, Daniel"]
[Black "Lexa, Vaclav"]
[Result "1-0"]
[WhiteElo "2297"]
[BlackElo "1815"]
[PlyCount "39"]
[EventDate "2018.06.10"]
[EventType "swiss (rapid)"]
[EventRounds "9"]
[EventCountry "CZE"]
[SourceTitle "CBM 184 Extra"]
[Source "ChessBase"]
[SourceDate "2018.06.28"]
[SourceVersion "1"]
[SourceVersionDate "2018.06.28"]
[SourceQuality "1"]

1. d4 Nf6 2. c4 e6 3. Nc3 Bb4 4. Qc2 0-0 5. e4 d6 6. Bd3 Nc6 7. Nge2 e5 8. d5 Ne7 9. 0-0 Bxc3 10. Qxc3 Ng6 11. Bg5 h6 12. Bxf6 Qxf6 13. f4 Qd8 14. f5 Ne7 15. f6 Ng6 16. fxg7 Kxg7 17. Ng3 Qg5 18. Rf2 Nf4 19. Raf1 h5 20. Rxf4 1-0

[Event "Prague Menchik Memorial rapid"]
[Site "Prague"]
[Date "2018.06.10"]
[Round "7"]
[White "Ruzicka, Ales"]
[Black "Lexa, Vaclav"]
[Result "1-0"]
[WhiteElo "2084"]
[BlackElo "1815"]
[PlyCount "65"]
[EventDate "2018.06.10"]
[EventType "swiss (rapid)"]
[EventRounds "9"]
[EventCountry "CZE"]
[SourceTitle "CBM 184 Extra"]
[Source "ChessBase"]
[SourceDate "2018.06.28"]
[SourceVersion "1"]
[SourceVersionDate "2018.06.28"]
[SourceQuality "1"]

1. e4 c5 2. Nf3 d6 3. d4 cxd4 4. Nxd4 Nf6 5. Nc3 a6 6. Bc4 e6 7. a3 Be7 8. 0-0 0-0 9. f4 Nc6 10. Nxc6 bxc6 11. Qf3 Bd7 12. e5 Ne8 13. exd6 Nxd6 14. Bd3 Nf5 15. Bxf5 exf5 16. Be3 Qc7 17. Bd4 Qd6 18. Rad1 Qc7 19. Be5 Qb6+ 20. Kh1 Rad8 21. Ne2 Be6 22. Ng3 g6 23. Qc3 f6 24. Bd4 c5 25. Bf2 Rd7 26. Rxd7 Bxd7 27. Re1 Bd6 28. Qc4+ Kg7 29. b4 Rc8 30. bxc5 Bxc5 31. Bxc5 Qxc5 32. Qxc5 Rxc5 33. Re7+ 1-0

[Event "Prague Golden rap op 13th"]
[Site "Prague"]
[Date "2017.07.01"]
[Round "3"]
[White "Lexa, Vaclav"]
[Black "Plasek, Zdenek"]
[Result "0-1"]
[WhiteElo "1855"]
[BlackElo "1993"]
[PlyCount "54"]
[EventDate "2017.07.01"]
[EventType "swiss (rapid)"]
[EventRounds "7"]
[EventCountry "CZE"]
[SourceTitle "EXT 2018"]
[Source "ChessBase"]
[SourceDate "2017.10.13"]
[SourceVersion "1"]
[SourceVersionDate "2017.10.13"]
[SourceQuality "1"]

1. d4 d5 2. c4 e6 3. Nc3 a6 4. Nf3 dxc4 5. a4 Bb4 6. e4 Nf6 7. Bg5 h6 8. Bxf6 Qxf6 9. Bxc4 c5 10. e5 Qg6 11. 0-0 cxd4 12. Qxd4 Nc6 13. Qe3 Bxc3 14. Qxc3 0-0 15. Rfd1 b6 16. Rd6 Bb7 17. Rad1 Na5 18. Be2 Rac8 19. Qd4 Nc4 20. Nh4 Qg5 21. Bxc4 b5 22. axb5 axb5 23. Bxb5 Rc1 24. Qa4 Ra8 25. Qb4 Raa1 26. Be2 Bd5 27. Rxc1 Qxc1+ 0-1

[Event "Ostrava Seniors op"]
[Site "Ostrava"]
[Date "2014.05.04"]
[Round "9"]
[White "Lexa, Vaclav"]
[Black "Tejkal, Jiri"]
[Result "1/2-1/2"]
[WhiteElo "1895"]
[BlackElo "1942"]
[PlyCount "21"]
[EventDate "2014.04.26"]
[EventType "swiss"]
[EventRounds "9"]
[EventCountry "CZE"]
[SourceTitle "CBM 160 Extra"]
[Source "ChessBase"]
[SourceDate "2014.07.01"]
[SourceVersion "1"]
[SourceVersionDate "2014.07.01"]
[SourceQuality "1"]

1. d4 d5 2. c4 c6 3. Nc3 Nf6 4. Nf3 a6 5. cxd5 cxd5 6. Bf4 Nc6 7. e3 e6 8. Rc1 Be7 9. Bd3 0-0 10. 0-0 Bd7 11. Ne5 1/2-1/2

[Event "Ostrava Seniors op"]
[Site "Ostrava"]
[Date "2014.05.02"]
[Round "7"]
[White "Lexa, Vaclav"]
[Black "Koudelka, Milos"]
[Result "1-0"]
[WhiteElo "1895"]
[BlackElo "1758"]
[PlyCount "143"]
[EventDate "2014.04.26"]
[EventType "swiss"]
[EventRounds "9"]
[EventCountry "CZE"]
[SourceTitle "CBM 160 Extra"]
[Source "ChessBase"]
[SourceDate "2014.07.01"]
[SourceVersion "1"]
[SourceVersionDate "2014.07.01"]
[SourceQuality "1"]

1. d4 d5 2. c4 dxc4 3. Qa4+ c6 4. Qxc4 Nf6 5. e3 Bf5 6. Nf3 e6 7. Nc3 Nbd7 8. Be2 Nb6 9. Qb3 Rb8 10. 0-0 Be7 11. Re1 0-0 12. Nh4 Qc7 13. Nxf5 exf5 14. Bd2 Ne4 15. Nxe4 fxe4 16. Ba5 Bd8 17. Bg4 Kh8 18. Rac1 f5 19. Be2 Qf7 20. Qxf7 Rxf7 21. Bb4 Be7 22. Bd2 Bf6 23. Rc2 g6 24. Rec1 Rd7 25. Rc3 Nd5 26. Rb3 Rf8 27. Bc4 f4 28. Bxd5 cxd5 29. Rbc3 fxe3 30. fxe3 Bg5 31. Rc8 Rxc8 32. Rxc8+ Kg7 33. Kf2 Be7 34. Ke2 Bd6 35. h3 Kf7 36. Be1 Ke6 37. Bh4 Kf7 38. Bg5 Kg7 39. Bf4 Bxf4 40. exf4 Kf7 41. g4 h6 42. Rh8 Kg7 43. Rc8 Kf7 44. Kd2 Kg7 45. Re8 Kf7 46. Re5 a5 47. h4 Rd6 48. h5 gxh5 49. Rxh5 Kg7 50. Rf5 Rd7 51. Re5 Kf7 52. Kc3 b5 53. Kb3 Rd6 54. a3 Rd7 55. Kc3 Rc7+ 56. Kd2 Rd7 57. b4 axb4 58. axb4 Rd6 59. Ke3 Rd7 60. f5 Rd6 61. Kf4 Kf6 62. Re8 Rc6 63. Rd8 Rc4 64. Rxd5 Rxb4 65. Rd6+ Kg7 66. Kxe4 Rb1 67. Rg6+ Kh7 68. Rb6 b4 69. Rb7+ Kg8 70. f6 b3 71. Kf5 b2 72. Kg6 1-0

[Event "Ricany op-A"]
[Site "Ricany"]
[Date "2011.08.26"]
[Round "8"]
[White "Lexa, Vaclav"]
[Black "Vavrinec, Tomas"]
[Result "1-0"]
[WhiteElo "1917"]
[BlackElo "2015"]
[PlyCount "83"]
[EventDate "2011.08.20"]
[EventType "swiss"]
[EventRounds "9"]
[EventCountry "CZE"]
[SourceTitle "CBM 144 Extra"]
[Source "ChessBase"]
[SourceDate "2011.10.28"]
[SourceVersion "1"]
[SourceVersionDate "2011.10.28"]
[SourceQuality "1"]

1. d4 d5 2. c4 c6 3. Nc3 e5 4. cxd5 cxd5 5. e3 e4 6. Bb5+ Nc6 7. Qa4 Nge7 8. Nge2 Bd7 9. Qd1 Bg4 10. 0-0 Nc8 11. Qa4 Qd6 12. Nf4 Nb6 13. Qb3 Rd8 14. a4 g5 15. a5 gxf4 16. axb6 axb6 17. exf4 Bg7 18. Be3 0-0 19. Be2 Bxe2 20. Nxe2 Na5 21. Qd1 Rc8 22. Ng3 f5 23. Rc1 Nc4 24. b3 Nxe3 25. fxe3 Qg6 26. Rf2 Rc6 27. Rfc2 Rfc8 28. b4 b5 29. Rxc6 Rxc6 30. Rc5 Rxc5 31. bxc5 b6 32. Qb3 bxc5 33. Qxd5+ Qf7 34. Qxc5 Qb3 35. Nxf5 Bf8 36. Qe5 b4 37. d5 Qd1+ 38. Kf2 Qg4 39. Qe6+ Kh8 40. Qf7 Qg8 41. Qxg8+ Kxg8 42. Ke2 1-0

[Event "Ricany op-A"]
[Site "Ricany"]
[Date "2011.08.25"]
[Round "7"]
[White "Skala, Jaromir"]
[Black "Lexa, Vaclav"]
[Result "1/2-1/2"]
[WhiteElo "2020"]
[BlackElo "1917"]
[PlyCount "53"]
[EventDate "2011.08.20"]
[EventType "swiss"]
[EventRounds "9"]
[EventCountry "CZE"]
[SourceTitle "CBM 144 Extra"]
[Source "ChessBase"]
[SourceDate "2011.10.28"]
[SourceVersion "1"]
[SourceVersionDate "2011.10.28"]
[SourceQuality "1"]

1. d4 Nf6 2. c4 g6 3. Nc3 d5 4. cxd5 Nxd5 5. e4 Nxc3 6. bxc3 c5 7. Bc4 Bg7 8. Ne2 Nc6 9. Be3 0-0 10. 0-0 Qc7 11. Rc1 Rd8 12. Qa4 Bd7 13. Qa3 cxd4 14. cxd4 e6 15. d5 Qa5 16. Qb3 exd5 17. Bxd5 Ne5 18. Bxb7 Rab8 19. Rc5 Qa4 20. Qxa4 Bxa4 21. Nc3 Rxb7 22. Nxa4 Rb4 23. Ra5 Rxe4 24. Rxa7 Nc6 25. Ra6 Nb4 26. Ra7 Nc6 27. Ra6 1/2-1/2

[Event "Ricany op-A"]
[Site "Ricany"]
[Date "2011.08.24"]
[Round "6"]
[White "Lexa, Vaclav"]
[Black "Koller, Martin"]
[Result "1-0"]
[WhiteElo "1917"]
[BlackElo "1758"]
[PlyCount "74"]
[EventDate "2011.08.20"]
[EventType "swiss"]
[EventRounds "9"]
[EventCountry "CZE"]
[SourceTitle "CBM 144 Extra"]
[Source "ChessBase"]
[SourceDate "2011.10.28"]
[SourceVersion "1"]
[SourceVersionDate "2011.10.28"]
[SourceQuality "1"]

1. d4 Nf6 2. c4 g6 3. Nc3 Bg7 4. e4 d6 5. Nf3 0-0 6. Be3 e5 7. Be2 Ng4 8. Bg5 f6 9. Bh4 g5 10. Bg3 Nh6 11. d5 f5 12. exf5 Nxf5 13. Ne4 h6 14. Nfd2 Nd7 15. f3 Ne3 16. Qb3 Nxg2+ 17. Kd1 Nf6 18. Kc2 Nf4 19. Rae1 Bf5 20. Bd1 c6 21. Kb1 Qa5 22. Bc2 Bxe4 23. Nxe4 Nxe4 24. Bxe4 c5 25. h4 Rab8 26. hxg5 hxg5 27. Qc2 Rf6 28. Re3 b5 29. Rb3 b4 30. Rh7 Qc7 31. Qh2 Qd7 32. Re3 g4 33. Re1 gxf3 34. Bf2 Ng2 35. Rh1 Rbf8 36. Qg3 Rf4 37. Rh8+ Kf7 1-0

[Event "Ostrava Konik op-A"]
[Site "Ostrava"]
[Date "2011.05.01"]
[Round "2"]
[White "Lexa, Vaclav"]
[Black "Hladik, Lumir"]
[Result "1-0"]
[WhiteElo "1889"]
[BlackElo "2047"]
[PlyCount "69"]
[EventDate "2011.04.30"]
[EventType "swiss"]
[EventRounds "9"]
[EventCountry "CZE"]
[SourceTitle "CBM 142 Extra"]
[Source "ChessBase"]
[SourceDate "2011.06.27"]
[SourceVersion "1"]
[SourceVersionDate "2011.06.27"]
[SourceQuality "1"]

1. d4 Nf6 2. c4 c5 3. d5 e6 4. Nc3 exd5 5. cxd5 d6 6. e4 g6 7. h3 Bg7 8. Bd3 0-0 9. Nf3 a6 10. a4 Nbd7 11. Bf4 Qe7 12. 0-0 Ne5 13. Nxe5 dxe5 14. Be3 Nh5 15. Qd2 f5 16. Bg5 Qd6 17. Rac1 f4 18. f3 Bf6 19. Bxf6 Rxf6 20. a5 Bd7 21. Nb1 b5 22. axb6 Qxb6 23. Kh2 Ng3 24. Rfd1 Rb8 25. Na3 Bb5 26. Qc3 c4 27. Bxc4 Bxc4 28. Nxc4 Ne2 29. Qxe5 Qd8 30. Rc2 Ng3 31. Qd4 g5 32. e5 Rh6 33. e6 Qf8 34. Qe5 Qf6 35. Qxb8+ 1-0

[Event "Ostrava Konik op-A"]
[Site "Ostrava"]
[Date "2011.04.30"]
[Round "1"]
[White "Vesely, Martin"]
[Black "Lexa, Vaclav"]
[Result "1-0"]
[WhiteElo "2177"]
[BlackElo "1889"]
[PlyCount "57"]
[EventDate "2011.04.30"]
[EventType "swiss"]
[EventRounds "9"]
[EventCountry "CZE"]
[SourceTitle "CBM 142 Extra"]
[Source "ChessBase"]
[SourceDate "2011.06.27"]
[SourceVersion "1"]
[SourceVersionDate "2011.06.27"]
[SourceQuality "1"]

1. d4 e6 2. Nf3 d5 3. c4 Nf6 4. Nc3 c6 5. e3 Nbd7 6. Qc2 Bd6 7. e4 dxe4 8. Nxe4 Nxe4 9. Qxe4 0-0 10. Bd3 Bb4+ 11. Bd2 Bxd2+ 12. Nxd2 Nf6 13. Qh4 g6 14. 0-0 Nh5 15. Qe4 Qd6 16. Nf3 Rd8 17. Rad1 Bd7 18. Bb1 c5 19. Qe5 Qxe5 20. Nxe5 cxd4 21. Rxd4 Ba4 22. Rh4 f6 23. Nd3 Rac8 24. Re4 e5 25. Re3 Ng7 26. b3 Bd7 27. Nb4 Bf5 28. Nd5 Rd7 29. Nxf6+ 1-0

[Event "Ricany op"]
[Site "Ricany"]
[Date "2010.08.28"]
[Round "9"]
[White "Sargsjan, Karen"]
[Black "Lexa, Vaclav"]
[Result "1-0"]
[WhiteElo "1841"]
[BlackElo "1909"]
[PlyCount "73"]
[EventDate "2010.08.21"]
[EventType "swiss"]
[EventRounds "9"]
[EventCountry "CZE"]
[SourceTitle "EXT 2022"]
[Source "ChessBase"]
[SourceDate "2021.10.06"]
[SourceVersion "1"]
[SourceVersionDate "2021.10.06"]
[SourceQuality "1"]

1. c4 Nf6 2. Nc3 e6 3. e4 d5 4. e5 Nfd7 5. Nf3 c6 6. Be2 Be7 7. 0-0 0-0 8. Re1 d4 9. Nxd4 Nxe5 10. Nf3 Nxf3+ 11. Bxf3 Bf6 12. Qc2 Bd4 13. d3 f5 14. Ne2 Bf6 15. Rb1 b6 16. d4 e5 17. dxe5 Bxe5 18. Bf4 Qf6 19. Bxe5 Qxe5 20. Nc3 Qf6 21. Nd5 Qd8 22. Rbd1 Kh8 23. Ne7 Qc7 24. Nxf5 Bxf5 25. Qxf5 Na6 26. Qg4 Rad8 27. Rxd8 Rxd8 28. Qe4 Rf8 29. Qxc6 Qf4 30. Qe4 Qf7 31. b3 Nc5 32. Qe7 Qf4 33. Rd1 h6 34. h3 Rf7 35. Qe8+ Kh7 36. b4 Na6 37. Qe4+ 1-0

[Event "Ricany op"]
[Site "Ricany"]
[Date "2010.08.21"]
[Round "1"]
[White "Pechacek, Stanislav"]
[Black "Lexa, Vaclav"]
[Result "1-0"]
[WhiteElo "2131"]
[BlackElo "1909"]
[PlyCount "49"]
[EventDate "2010.08.21"]
[EventType "swiss"]
[EventRounds "9"]
[EventCountry "CZE"]
[SourceTitle "EXT 2022"]
[Source "ChessBase"]
[SourceDate "2021.10.06"]
[SourceVersion "1"]
[SourceVersionDate "2021.10.06"]
[SourceQuality "1"]

1. c4 Nf6 2. Nc3 e6 3. e4 d6 4. d4 b6 5. f4 Be7 6. e5 Nfd7 7. Nf3 Bb7 8. Bd3 Nc6 9. a3 dxe5 10. fxe5 Bh4+ 11. Ke2 0-0 12. Bc2 Be7 13. Qd3 g6 14. Bh6 Re8 15. h4 Bf8 16. Bxf8 Nxf8 17. Ne4 Nd7 18. h5 Qe7 19. hxg6 fxg6 20. Nfg5 Ndxe5 21. dxe5 Nxe5 22. Qc3 Bxe4 23. Nxe4 Ng4 24. Raf1 Rad8 25. Rf4 1-0

[Event "Ostrava op"]
[Site "Ostrava"]
[Date "2010.05.02"]
[Round "2"]
[White "Skuta, Arnost"]
[Black "Lexa, Vaclav"]
[Result "1/2-1/2"]
[WhiteElo "1645"]
[BlackElo "1905"]
[PlyCount "96"]
[EventDate "2010.05.01"]
[EventType "swiss"]
[EventRounds "9"]
[EventCountry "CZE"]
[SourceTitle "EXT 2011"]
[Source "ChessBase"]
[SourceDate "2010.11.26"]
[SourceVersion "1"]
[SourceVersionDate "2010.11.26"]
[SourceQuality "1"]

1. e4 c5 2. Nf3 d6 3. Nc3 a6 4. d4 cxd4 5. Nxd4 Nf6 6. Be2 e5 7. Nf3 h6 8. 0-0 Be6 9. Bd3 Be7 10. h3 Nbd7 11. Ne2 d5 12. Ng3 Qc7 13. a3 dxe4 14. Nxe4 Nxe4 15. Bxe4 Nc5 16. Qe2 f5 17. Nxe5 Nxe4 18. Qh5+ Kf8 19. Ng6+ Kg8 20. Nxh8 Bc5 21. Ng6 Ng3 22. Qf3 Nxf1 23. Bf4 Qb6 24. b4 Bd4 25. c3 Bf6 26. Rxf1 Rd8 27. Re1 Kh7 28. Qg3 Qc6 29. Be5 Bf7 30. Bxf6 Qxf6 31. Ne5 Bd5 32. h4 f4 33. Qd3+ Kg8 34. Qg6 Qxh4 35. Ng4 Bf7 36. Qf5 Qg5 37. Qxg5 hxg5 38. Re5 Rd3 39. Rxg5 Rxc3 40. Nh6+ Kf8 41. Nxf7 Kxf7 42. Rf5+ Ke6 43. Rxf4 Rxa3 44. f3 Ra2 45. Rd4 Ra4 46. Kf2 a5 47. Re4+ Kf6 48. bxa5 Rxa5 1/2-1/2

[Event "Ricany op"]
[Site "Ricany"]
[Date "2009.08.22"]
[Round "1"]
[White "Lexa, Vaclav"]
[Black "Vevera, Radek"]
[Result "0-1"]
[WhiteElo "1895"]
[BlackElo "2092"]
[PlyCount "48"]
[EventDate "2009.08.22"]
[EventType "swiss"]
[EventRounds "9"]
[EventCountry "CZE"]
[SourceTitle "CBM 131 Extra"]
[Source "ChessBase"]
[SourceDate "2009.09.03"]
[SourceVersion "2"]
[SourceVersionDate "2009.09.16"]
[SourceQuality "1"]

1. d4 d5 2. c4 e6 3. Nc3 Nf6 4. e3 Be7 5. Nf3 Nbd7 6. Bd3 0-0 7. 0-0 b6 8. e4 dxe4 9. Nxe4 Bb7 10. Qc2 c5 11. Be3 Qc7 12. Rad1 Rfd8 13. dxc5 bxc5 14. Bg5 Ne5 15. Nxf6+ gxf6 16. Nxe5 Qxe5 17. Bh4 Qh5 18. Bg3 Rd4 19. Be2 Qg5 20. Qb3 Bc6 21. f3 Rad8 22. Bf2 Bd6 23. Bxd4 cxd4 24. Rxd4 Bc5 0-1

[Event "Ostrava op"]
[Site "Ostrava"]
[Date "2009.05.09"]
[Round "8"]
[White "Snajdr, Tomas"]
[Black "Lexa, Vaclav"]
[Result "1-0"]
[WhiteElo "1980"]
[BlackElo "1900"]
[PlyCount "88"]
[EventDate "2009.05.02"]
[EventType "swiss"]
[EventRounds "9"]
[EventCountry "CZE"]
[SourceTitle "EXT 2011"]
[Source "ChessBase"]
[SourceDate "2010.11.26"]
[SourceVersion "1"]
[SourceVersionDate "2010.11.26"]
[SourceQuality "1"]

1. c4 e6 2. g3 d5 3. cxd5 exd5 4. d4 Nf6 5. Nf3 Bf5 6. Bg2 Nbd7 7. 0-0 Bd6 8. Nc3 c6 9. Re1 0-0 10. a3 a5 11. Nh4 Bg4 12. Qd3 h6 13. Nf5 Bxf5 14. Qxf5 Bc7 15. Bd2 Qe8 16. e4 Qe6 17. Qxe6 fxe6 18. e5 Nh7 19. f4 Bb6 20. Be3 Rf7 21. Bh3 Re8 22. b4 axb4 23. axb4 Rff8 24. Na4 Bc7 25. Nc5 Nxc5 26. bxc5 Rf7 27. Reb1 Bd8 28. Ra8 g5 29. Rxd8 Rxd8 30. Bxe6 gxf4 31. Bxf4 Rdd7 32. Bxd7 Rxd7 33. Bxh6 Re7 34. Kg2 Kf7 35. Bf4 Nf8 36. g4 Ne6 37. Be3 Kg6 38. Kg3 Rg7 39. h4 Rf7 40. Rb2 Ng7 41. Rf2 Rxf2 42. Kxf2 Ne6 43. Kg3 Nf8 44. h5+ Kh7 1-0

[Event "Ostrava op"]
[Site "Ostrava"]
[Date "2009.05.08"]
[Round "7"]
[White "Lexa, Vaclav"]
[Black "Snyta, Zdenek"]
[Result "0-1"]
[WhiteElo "1900"]
[BlackElo "2120"]
[PlyCount "124"]
[EventDate "2009.05.02"]
[EventType "swiss"]
[EventRounds "9"]
[EventCountry "CZE"]
[SourceTitle "EXT 2011"]
[Source "ChessBase"]
[SourceDate "2010.11.26"]
[SourceVersion "1"]
[SourceVersionDate "2010.11.26"]
[SourceQuality "1"]

1. d4 e6 2. c4 f5 3. Nc3 Nf6 4. g3 d6 5. Bg2 Be7 6. Nf3 0-0 7. 0-0 c6 8. a3 Na6 9. b4 Nc7 10. Bb2 Ng4 11. e4 Nh6 12. e5 d5 13. c5 Bd7 14. Bc1 g5 15. h3 Be8 16. Nh2 Bg6 17. f4 Nf7 18. Ra2 Kh8 19. Bf3 Rg8 20. Rg2 a5 21. Be2 axb4 22. axb4 Ra1 23. Qb3 Qa8 24. b5 gxf4 25. gxf4 cxb5 26. Bxb5 Bh5 27. Rxg8+ Qxg8+ 28. Kh1 Qg3 29. Qb2 Ra8 30. Be2 Qxh3 31. Bxh5 Qxh5 32. Qxb7 Rg8 33. Qb2 Nh6 34. Qe2 Ng4 35. Rg1 Rg6 36. Rg2 Rh6 37. Bd2 Kg8 38. Kg1 Kf7 39. Be1 Qh3 40. Qf3 Qxf3 41. Nxf3 Ke8 42. Rb2 Rg6 43. Rb6 Ne3+ 44. Kf2 Nc4 45. Rb8+ Kd7 46. Nb5 Nxb5 47. Rxb5 Bd8 48. Rb7+ Bc7 49. Ra7 Rg4 50. Ra8 Rxf4 51. Rh8 Bxe5 52. Rxh7+ Kc6 53. dxe5 Nxe5 54. Rh3 Kxc5 55. Bd2 Ng4+ 56. Kg3 Ra4 57. Bf4 Ra3 58. Kg2 Ra2+ 59. Kf1 d4 60. Be5 Rf2+ 61. Ke1 Rxf3 62. Rxf3 Nxe5 0-1

[Event "Ostrava op"]
[Site "Ostrava"]
[Date "2009.05.02"]
[Round "1"]
[White "Obrusnik, Michal"]
[Black "Lexa, Vaclav"]
[Result "1-0"]
[WhiteElo "2200"]
[BlackElo "1900"]
[PlyCount "38"]
[EventDate "2009.05.02"]
[EventType "swiss"]
[EventRounds "9"]
[EventCountry "CZE"]
[SourceTitle "EXT 2011"]
[Source "ChessBase"]
[SourceDate "2010.11.26"]
[SourceVersion "1"]
[SourceVersionDate "2010.11.26"]
[SourceQuality "1"]

1. e4 c5 2. Nf3 d6 3. d4 cxd4 4. Nxd4 Nf6 5. Nc3 a6 6. Bg5 e6 7. f4 Qb6 8. Qd3 Nbd7 9. 0-0-0 Be7 10. Qg3 Qc7 11. Bd3 b5 12. Rhe1 b4 13. Nd5 Nxd5 14. exd5 Bxg5 15. Qxg5 0-0 16. dxe6 Nc5 17. f5 fxe6 18. fxe6 Rf6 19. e7 Bd7 1-0